000 00575nmm a2200181Ia 4500
008 251105s9999||||xx |||||||||||||||||und||
020 _a8484297055
041 _aspa
100 _aGil Estallo, M. de los Angeles
245 0 _aConcepto, contenido y objeto de la administración de empresas
264 _a[Madrid, España] :
_bUOC Papers,
_c2002
300 _a56 páginas
650 _aEconomics and Business
700 _aGil Estallo, M. de los Angeles
700 1 _a Celma Benaiges, M. Dolors
856 _uhttps://public.digitaliapublishing.com/a/5700
942 _cCF
999 _c66107
_d66107